PLANTS (Record no. 1914)
[ view plain ]
| 000 -LEADER | |
|---|---|
| fixed length control field | 00294nam a22001217a 4500 |
| 082 ## - DEWEY DECIMAL CLASSIFICATION NUMBER | |
| Classification number | 001 |
| Item number | FEP/P |
| 100 ## - MAIN ENTRY--AUTHOR NAME | |
| Personal name | BERRY, DICK |
| 245 ## - TITLE STATEMENT | |
| Title | PLANTS |
| Remainder of title | THE CHILDREN'S TREASURY OF KNOWLEDGE |
| 260 ## - PUBLICATION, DISTRIBUTION, ETC. (IMPRINT) | |
| Place of publication | HONGKONG |
| Name of publisher | KODANSHA LTD |
| Year of publication | 1988 |
| 300 ## - PHYSICAL DESCRIPTION | |
| Number of Pages | 111 |
| 650 ## - SUBJECT ADDED ENTRY--TOPICAL TERM | |
| Topical Term | GENERAL KNOWLEDGE |
| Geographic subdivision | CHINA |
| 942 ## - ADDED ENTRY ELEMENTS (KOHA) | |
| Koha item type | Books |
| Withdrawn status | Lost status | Collection code | Home library | Current library | Shelving location | Date acquired | Source of acquisition | Full call number | Accession Number | Koha item type | Cost, normal purchase price |
|---|---|---|---|---|---|---|---|---|---|---|---|
| Reference | Main Library | Main Library | SHELF 1-D ENCYCLOPEDIAS G K REFERENCE | 12/05/2016 | purchase | 001 FEP/P | 04290 | Books | |||
| G.K | Main Library | Main Library | SHELF-17E-SCIENCE RELATED BOOKS | 22/11/2006 | PURCHASE | 001 FEP/P | 01648 | Books | 30.00 |